000
00203 a2200109 4500
020
_a
9789580498568
041
_a
spa
100
_a
Carl Norac
245
_a
Mi Mama es Magica
942
_c
BK
952
_7
1
999
_c
23138
_d
23138